000 00743cab a2200253 4500
001 WB2813-05
008 090401t1991 xxu||||| |||| 00| 0 eng d
035 _a(Sirsi) u63765
041 _aeng
245 _aMoney for cathedrals
260 _c1991
350 _a0
490 _aIndependent
_v23 March 1991, 9(1)
520 _a£5.4m is to be allocated to cathedrals for urgent repairs; the second stage of the £11.5m spending programme announced last year by English Heritage.
650 _aCATHEDRALS
650 _aENGLISH HERITAGE
650 _aFUNDING
650 _aGRANTS
650 _aBUILT ENVIRONMENT-BUILDING MAINTENANCE AND REFURBISHMENT
650 _aREPAIRS
690 _aCON
942 _n0
948 _c04/03/1997
999 _c39663
_d39663